Structral design in metals (Record no. 11702)

000 -LEADER
fixed length control field 00502nam a22001937a 4500
001 - CONTROL NUMBER
control field 11702
003 - CONTROL NUMBER IDENTIFIER
control field BD-DhUET
008 - FIXED-LENGTH DATA ELEMENTS--GENERAL INFORMATION
fixed length control field 150218b xxu||||| |||| 00| 0 eng d
040 ## - CATALOGING SOURCE
Original cataloging agency DLC
Transcribing agency DLC
Modifying agency BD-DhUET
082 ## - DEWEY DECIMAL CLASSIFICATION NUMBER
Classification number 624.182
Item number WIL/1957
100 ## - MAIN ENTRY--PERSONAL NAME
Personal name Willims, Clifford D.
245 ## - TITLE STATEMENT
Title Structral design in metals
250 ## - EDITION STATEMENT
Edition statement 2nd ed.
260 ## - PUBLICATION, DISTRIBUTION, ETC. (IMPRINT)
Place of publication, distribution, etc. New York
Name of publisher, distributor, etc. Ronald Press
Date of publication, distribution, etc. 1957
300 ## - PHYSICAL DESCRIPTION
Extent viii, 655 p.
Other physical details ill.
Dimensions 17 cm.
650 #0 - SUBJECT ADDED ENTRY--TOPICAL TERM
Topical term or geographic name as entry element Metals Structural Engg
700 ## - ADDED ENTRY--PERSONAL NAME
Personal name Harris, Ernest C.
942 ## - ADDED ENTRY ELEMENTS (KOHA)
Koha item type General Book
Holdings
Source of classification or shelving scheme Withdrawn status Shelving location Piece designation (barcode) Koha normalized classification for sorting Koha date last seen Copy number Lost status Koha full call number Koha item type Damaged status Location (home branch) Not for loan Sublocation or collection (holding branch) Price effective from Date acquired
  Circulation section61224624_182000000000000_WIL_19572015-02-181 624.182/WIL/1957General Book Central Library, BUET Central Library, BUET2015-02-182015-02-18
  Circulation section42428624_182000000000000_WIL_19572015-02-182 624.182/WIL/1957General Book Central Library, BUET Central Library, BUET2015-02-182015-02-18
  Circulation section11560624_182000000000000_WIL_19572015-02-183 624.182/WIL/1957General Book Central Library, BUET Central Library, BUET2015-02-182015-02-18
  Circulation section61147624_182000000000000_WIL_19572015-02-184 624.182/WIL/1957General Book Central Library, BUET Central Library, BUET2015-02-182015-02-18
  Circulation section42357624_182000000000000_WIL_19572015-05-105 624.182/WIL/1957General Book Central Library, BUET Central Library, BUET2015-05-102015-05-10
  Circulation section11559624_182000000000000_WIL_19572015-05-126 624.182/WIL/1957General Book Central Library, BUET Central Library, BUET2015-05-122015-05-12